<?xml version="1.0" encoding="UTF-8"?>
<record
    xmlns:xsi="http://www.w3.org/2001/XMLSchema-instance"
    xsi:schemaLocation="http://www.loc.gov/MARC21/slim http://www.loc.gov/standards/marcxml/schema/MARC21slim.xsd"
    xmlns="http://www.loc.gov/MARC21/slim">

  <leader>00710na  a2200229   4500</leader>
  <controlfield tag="001">23172</controlfield>
  <controlfield tag="003">MIRAKIL</controlfield>
  <controlfield tag="005">20181213155331.0</controlfield>
  <controlfield tag="008">181023b        tu            000 0      </controlfield>
  <datafield tag="040" ind1=" " ind2=" ">
    <subfield code="a">Milas</subfield>
    <subfield code="b">tur</subfield>
    <subfield code="c">TR-AnCHP</subfield>
  </datafield>
  <datafield tag="041" ind1=" " ind2=" ">
    <subfield code="a">tur</subfield>
  </datafield>
  <datafield tag="082" ind1=" " ind2=" ">
    <subfield code="a">330.122</subfield>
    <subfield code="b">E62k 1984</subfield>
  </datafield>
  <datafield tag="090" ind1=" " ind2=" ">
    <subfield code="a">330.122 E62k 1984</subfield>
  </datafield>
  <datafield tag="100" ind1=" " ind2=" ">
    <subfield code="a">Erdost, Muzaffer &#x130;lhan</subfield>
  </datafield>
  <datafield tag="245" ind1=" " ind2=" ">
    <subfield code="a">Kapitalizm ve tar&#x131;m</subfield>
    <subfield code="b">K&#xFC;&#xE7;&#xFC;k k&#xF6;yl&#xFC;l&#xFC;&#x11F;&#xFC;n yoksulla&#x15F;mad&#x131; tezinin ele&#x15F;tirisi</subfield>
    <subfield code="c">Muzaffer &#x130;lhan Erdost</subfield>
  </datafield>
  <datafield tag="246" ind1=" " ind2=" ">
    <subfield code="a">K&#xFC;&#xE7;&#xFC;k k&#xF6;yl&#xFC;l&#xFC;&#x11F;&#xFC;n yoksulla&#x15F;mad&#x131; tezinin ele&#x15F;tirisi</subfield>
  </datafield>
  <datafield tag="260" ind1=" " ind2=" ">
    <subfield code="a">Ankara</subfield>
    <subfield code="b">Onur Yay&#x131;nlar&#x131;</subfield>
    <subfield code="c">1984</subfield>
  </datafield>
  <datafield tag="300" ind1=" " ind2=" ">
    <subfield code="a">144 s.</subfield>
    <subfield code="c">19 sm.</subfield>
  </datafield>
  <datafield tag="650" ind1=" " ind2=" ">
    <subfield code="a">Kapitalizm</subfield>
  </datafield>
  <datafield tag="650" ind1=" " ind2=" ">
    <subfield code="a">Tar&#x131;m</subfield>
    <subfield code="x">Ekonomik a&#xE7;&#x131;</subfield>
  </datafield>
  <datafield tag="942" ind1=" " ind2=" ">
    <subfield code="2">ddc</subfield>
    <subfield code="c">BKS</subfield>
  </datafield>
  <datafield tag="952" ind1=" " ind2=" ">
    <subfield code="a">0001</subfield>
    <subfield code="b">0001</subfield>
    <subfield code="d">2017-08-01</subfield>
    <subfield code="e">2</subfield>
    <subfield code="l">0</subfield>
    <subfield code="o">330.122 E62k 1984</subfield>
    <subfield code="p">017151</subfield>
    <subfield code="r">2017-08-01 00:00:00</subfield>
    <subfield code="v">0.00</subfield>
    <subfield code="w">2017-08-01</subfield>
    <subfield code="y">BKS</subfield>
  </datafield>
  <datafield tag="999" ind1=" " ind2=" ">
    <subfield code="c">10720</subfield>
    <subfield code="d">10720</subfield>
  </datafield>
</record>
